Ночная песня погонщика Есаку из Тамба: Японская классическая драма XIV-XV и XVIII вв. : Пер. со старояп.

Detalles Bibliográficos
Otros Autores: Маркова В. (автор предисловия), Харламов В. (иллюстратор)
Lenguaje:ruso
Publicado: Москва, Художественная литература, 1989
Colección:Библиотека японской литературы
Materias:
Formato: Libro
KOHA link:https://koha.lib.tpu.ru/cgi-bin/koha/opac-detail.pl?biblionumber=139032

MARC

LEADER 00000nam0a2200000 4500
001 139032
005 20231031141625.0
010 |a 528000698X 
020 |a RU  |b 89-32379 
035 |a (RuTPU)RU\TPU\book\150636 
090 |a 139032 
100 |a 20080602d1989 m y0rusy5003 ca 
101 1 |a rus  |c jap 
102 |a RU 
105 |a a z 000ay 
200 1 |a Ночная песня погонщика Есаку из Тамба  |e Японская классическая драма XIV-XV и XVIII вв. : Пер. со старояп.  |f авт. предисл. В. Маркова ; худож. В. Харламов  
210 |a Москва  |c Художественная литература  |d 1989 
215 |a 495 с.  |c ил.  |d 22 см 
225 1 |a Библиотека японской литературы 
327 1 |a Содерж.: Разделы: Лирические драмы театра Но; Фарсы театра; Драматические поэмы театра Дзерури 
610 1 |a японская литература 
610 1 |a классика 
610 1 |a 14 век 
610 1 |a 15 век 
610 1 |a 18 век 
675 |a 895.6  |z rus 
702 1 |a Маркова  |b В.  |4 080 
702 1 |a Харламов   |b В.  |4 440 
801 0 |a RU  |b RuMRKP  |c 19950417  |g psbo 
801 1 |a RU  |b 63413507  |c 20080602  |g PSBO 
801 2 |a RU  |b 63413507  |c 20080602  |g PSBO 
942 |c BK